Torn from the roots : (Record no. 4375)

MARC details
000 -LEADER
fixed length control field 00971 a2200229 4500
010 ## - LCCN (DPL NO)
LC control number ENG-86285
020 ## - INTERNATIONAL STANDARD BOOK NUMBER
International Standard Book Number 8188965278
Terms of availability 350.00
035 ## - SYSTEM CONTROL NUMBER
System control number EN-69818
037 ## - SOURCE OF ACQUISITION
Source of stock number/acquisition DBAD / PUB
082 14 - DEWEY DECIMAL CLASSIFICATION NUMBER
Classification number 920
100 1# - MAIN ENTRY--PERSONAL NAME
Personal name Patel, Kamaḷa
245 10 - TITLE STATEMENT
Title Torn from the roots :
Remainder of title a partition memoir = Mool sotan ukhdelan /
Statement of responsibility, etc by Kamla Patel ; translated from the original Gujarati by Uma Randeria.
250 ## - EDITION STATEMENT
Edition statement 2nd ed.
260 ## - PUBLICATION, DISTRIBUTION, ETC. (IMPRINT)
Place of publication, distribution, etc New Delhi
Name of publisher, distributor, etc Women Unlimited, an associate of Kali for Women
Date of publication, distribution, etc 2006
270 ## - ADDRESS
Address K-36, r, Hauz Khas Enclave
City New Delhi
State or province Delhi
Postal code 110016
300 ## - PHYSICAL DESCRIPTION
Extent 236 p. ;
Dimensions 23 cm. (Hb)
520 ## - SUMMARY, ETC.
Summary, etc By a social worker with special reference to her experience with women refugees from India and Pakistan during the time of partition of India in 1947.
650 #0 - SUBJECT ADDED ENTRY--TOPICAL TERM
Topical term or geographic name as entry element Social workers
Geographic subdivision India
650 #0 - SUBJECT ADDED ENTRY--TOPICAL TERM
Topical term or geographic name as entry element Women refugees
Geographic subdivision India
General subdivision Social conditions.
650 #0 - SUBJECT ADDED ENTRY--TOPICAL TERM
Topical term or geographic name as entry element Women refugees
Geographic subdivision Pakistan
General subdivision Social conditions.
942 ## - ADDED ENTRY ELEMENTS (KOHA)
Institution code [OBSOLETE] dpl
Item type English Books
Source of classification or shelving scheme Dewey Decimal Classification
Classification part 920
Call number suffix PAT
Holdings
Withdrawn status Lost status Not for loan Collection code Home library Current library Source of acquisition Cost, normal purchase price Full call number Barcode Copy number Cost, replacement price Koha item type
    Not For Loan Non-fiction D.B.Act.Division D.B.Act.Division DBAD/PUB 350.00 920 PAT EN-69818 1 350.00 English Books

© Delhi Public Library
Hit Counter
free hit counter